Only You - The Platters - Statistics

General Stats
  • This quiz has been taken 19 times
  • The average score is 92 of 117
Answer Stats
Lyrics % Correct
can
100%
you
100%
I
92%
make,
92%
make
92%
my
92%
Oh-only
92%
Only
92%
only
92%
the
92%
and
85%
And
85%
me
85%
are
77%
bright
77%
come
77%
darkness
77%
dream
77%
love
77%
true,
77%
alone
69%
do
69%
it's
69%
oh,
69%
Oh-oh,
69%
right
69%
with
69%
You're
69%
destiny
62%
for
62%
For
62%
heart
62%
in
62%
one
62%
One
62%
seem
62%
that
62%
this
62%
When
62%
world
62%
fill
54%
hand,
54%
hold
54%
like
54%
magic
54%
understand
54%
thrill
46%
change
38%
No matching quizzes found
Score Distribution
Percent of People with Each Score
Percentile by Number Answered
Your Score History
You have not taken this quiz